Zmeny v odvetvových štruktúrach v dôsledku Industry 4.0 so zreteľom na budúci vývoj akciových trhov diplomová práca

Saved in:
Bibliographic Details
Main Author: Repáň, Branislav
Corporate Author: Národohospodárska fakulta EU. Katedra bankovníctva a medzinárodných financií
Other Authors: Chovancová, Božena
Format: Book
Language:Slovak
Published: Bratislava 2020
Tags: Add Tag
No Tags, Be the first to tag this record!

MARC

LEADER 00000nbm a2200000 4500
001 0264429
005 20200807101723.3
041 0 |a slo 
044 |a SK 
245 1 0 |a Zmeny v odvetvových štruktúrach v dôsledku Industry 4.0 so zreteľom na budúci vývoj akciových trhov  |b diplomová práca  |c Branislav Repáň ; školiteľ: Božena Chovancová 
264 1 |a Bratislava  |c 2020 
300 |a 75 s. 
100 1 |a Repáň, Branislav 
700 1 |a Chovancová, Božena 
710 2 |a Národohospodárska fakulta EU. Katedra bankovníctva a medzinárodných financií